000 00251nam a2200109Ia 4500
008 180117s9999 xx 000 0 und d
245 _aAgri-Talk
260 _c2017
300 _a, 2017 May 21
440 _aPhilippine Panorama
650 _aAGRICULTURE
999 _c353503
_d353503